Every McLaren Car By Picture - Statistics

General Stats
  • This quiz has been taken 196 times
  • The average score is 15 of 29
Answer Stats
Picture Hint Answer % Correct
1992 - 1998 F1
90%
2013 - 2015 P1
85%
2018-Present Senna
80%
2017 - 2023 720S
69%
2020-present Speedtail
68%
2018 Senna GTR
66%
2015 - 2016 P1 GTR
63%
1995 F1 LM
59%
2020–2023 765LT
58%
2020-present Elva
56%
2014 - 2017 650S
55%
2019-present GT
55%
1997 F1 GT
54%
2011 - 2014 12C
52%
2020-present Artura
51%
2023-present 750S
48%
2015 – 2021 570S
46%
2018 P1 GT
44%
2015 - 2017 675LT
43%
2023-present Solus GT
43%
2020 Sabre
39%
2016 - 2017 P1 LM
38%
2018 - 2021 600LT
33%
2015 - 2020 540C
32%
2020 Senna LM
31%
2017 - 2021 570GT
28%
2019 - 2021 620R
28%
1969 M6GT
28%
2015 - 2016 625C
22%
No matching quizzes found
Score Distribution
Percent of People with Each Score
Percentile by Number Answered
Your Score History
You have not taken this quiz